Countries by a Single Clue - Whammies - Statistics

General Stats
  • This quiz has been taken 106 times
  • The average score is 1 of 15
Answer Stats
Clue Country % Correct
The largest country in the world Russia
100%
Country with the most murders Brazil
11%
Countries with the most area in the tropics Brazil
0%
The largest country that borders the United States Canada
0%
Country that visit the United States the most Canada
0%
Country with the most domestic camels Chad
0%
A country whose official name is Hrvatska Croatia
0%
"Equator" in Spanish Ecuador
0%
The largest country that is landlocked Kazakhstan
0%
Country with the most horses Mexico
0%
Ulaanbaatar is its capital of ... Mongolia
0%
European country with the lowest average elevation Netherlands
0%
A country whose national dish is "pierogi" Poland
0%
The country closest to Cyprus Turkey
0%
Country with the highest death rate Vatican City
0%
No matching quizzes found
Score Distribution
Percent of People with Each Score
Percentile by Number Answered
Your Score History
You have not taken this quiz